Click to Translate: Gothic - Statistics

General Stats
  • This quiz has been taken 42 times
  • The average score is 8 of 25
Answer Stats
Hint Answer % Correct
moon mēna
83%
new niujis
83%
flower blōma
75%
five fimf
75%
spit speiwan
67%
and jah
50%
tongue tuggō
50%
father atta
33%
they eis
33%
know witan
33%
tree bagms
25%
tie bindan
25%
animal dius
25%
hold haban
25%
husband aba
17%
neck hals
17%
eat matjan
17%
woman qinō
17%
hit slahan
17%
dirty unhrains
17%
snake waurms
17%
mountain fairguni
8%
small leitils
8%
old sineigs
8%
bad ubils
8%
No matching quizzes found
Score Distribution
Percent of People with Each Score
Percentile by Number Answered
Your Score History
You have not taken this quiz